Природа этнорелигиозного терроризма

Dades bibliogràfiques
Autor corporatiu: Институт гуманитарного образования и информационных технологий (ИГУМО)
Altres autors: Антонян Ю. М. Юрий Миранович (редактор)
Sumari:Книга представляет собой продолжение комплексного исследования, осуществляемого Институтом гуманитарного образования совместно с Академией права и управления Федеральной службы исполнения наказаний. В монографию включены новые уникальные теоретические и эмпирические материалы, объясняющие глубинную мотивацию террористических преступлений. Она является продолжением работы «Этнорелигиозный терроризм», изданной в 2006 году. Эмпирический материал получен в результате изучения репрезентативного числа осужденных, отбывающих наказание в местах лишения свободы за преступления террористического характера. В этих целях использовались психологические тесты, беседы и социологические анкеты. Рассмотрены уголовно-правовые проблемы ответственности за террористические преступления, а также влияние глобализации на террористическую преступность. Работа не имеет аналогов в отечественной научной литературе и адресована сотрудникам правоохранительных органов, научным работникам, преподавателям, аспирантам, студентам — всем, кто обеспокоен масштабами и опасностью терроризма в современном мире и стремится понять его причины.
Idioma:rus
Publicat: Москва, Аспект Пресс, 2008
Matèries:
Format: MixedMaterials Llibre
KOHA link:https://koha.lib.tpu.ru/cgi-bin/koha/opac-detail.pl?biblionumber=152616

MARC

LEADER 00000nam0a2200000 4500
001 152616
005 20231101221631.0
010 |a 9785756705195  |b (в пер.)  |b 2000 экз. 
021 |a RU  |b 08-50224  |9 08-2780 
035 |a (RuTPU)RU\TPU\book\165472 
090 |a 152616 
100 |a 20080808d2008 k y0rusy5002 ca 
101 0 |a rus 
102 |a RU 
105 |a a z 000zy 
200 1 |a Природа этнорелигиозного терроризма  |f Институт гуманитарного образования и информационных технологий (ИГУМО); под ред. Ю. М. Антоняна 
210 |a Москва  |c Аспект Пресс  |d 2008 
215 |a 366 с.  |c ил. 
330 |a Книга представляет собой продолжение комплексного исследования, осуществляемого Институтом гуманитарного образования совместно с Академией права и управления Федеральной службы исполнения наказаний. В монографию включены новые уникальные теоретические и эмпирические материалы, объясняющие глубинную мотивацию террористических преступлений. Она является продолжением работы «Этнорелигиозный терроризм», изданной в 2006 году. Эмпирический материал получен в результате изучения репрезентативного числа осужденных, отбывающих наказание в местах лишения свободы за преступления террористического характера. В этих целях использовались психологические тесты, беседы и социологические анкеты. Рассмотрены уголовно-правовые проблемы ответственности за террористические преступления, а также влияние глобализации на террористическую преступность. Работа не имеет аналогов в отечественной научной литературе и адресована сотрудникам правоохранительных органов, научным работникам, преподавателям, аспирантам, студентам — всем, кто обеспокоен масштабами и опасностью терроризма в современном мире и стремится понять его причины. 
606 1 |a Терроризм международный  |x Международное право  |2 stltpush  |3 (RuTPU)RU\TPU\subj\68304  |9 83731 
610 1 |a международное право 
610 1 |a уголовное право 
610 1 |a этнорелигиозный терроризм 
610 1 |a преступники 
610 1 |a террористы 
610 1 |a личность 
610 1 |a психологические характеристики 
610 1 |a типология 
610 1 |a агрессивность 
610 1 |a мотивация 
610 1 |a конфликты 
610 1 |a уголовная ответственность 
610 1 |a профилактика 
686 |a Х918  |v LBC/SL-A  |2 rubbk 
702 1 |a Антонян  |b Ю. М.  |g Юрий Миранович  |4 340 
712 0 2 |a Институт гуманитарного образования и информационных технологий (ИГУМО)  |c (Москва)  |2 stltpush  |3 (RuTPU)RU\TPU\col\10324 
801 1 |a RU  |b 63413507  |c 20090203  |g PSBO 
801 2 |a RU  |b 63413507  |c 20131227  |g PSBO 
942 |c BK 
959 |a 18/20090203  |d 1  |e 253,00  |f ЧЗГЛ:1